000
00322nam a22001457a 4500
008
221109b ||||| |||| 00| 0 eng d
020
_a
9781566080569
041
_a
eng
080
_a
159.9
082
_a
159.9 KAR
100
_a
25
101
_a
PSI
245
_a
TEENS HAVE FEELING TOO
_c
KARCZEWSKI D
942
_2
udc
_c
BK
999
_c
58820
_d
58820